Materská škola ako vzdelávacia inštitúcia z pohľadu rodičov = Kindergarten as an educational institution from the perspective of parents = dizertačná práca

Saved in:
Bibliographic Details
Main Author Lorencová, Soňa (Dissertant)
Other Authors Majerčíková, Jana (Thesis advisor)
Format Book
LanguageSlovak
Subjects
Online AccessFull text
Physical Description157 stran : barevné ilustrace ; 31 cm

Cover

LEADER 00000ntm a2200000 i 4500
001 115745
003 CZ ZlUTB
005 20260601101036.0
007 ta
008 260529s2026 xr a f m 000 0 slo d
040 |a ZLD002  |b cze  |e rda 
041 0 |a slo  |b slo  |b eng 
072 7 |a 373.2/.3  |x Předškolní a primární výchova a vzdělávání  |2 Konspekt  |9 22 
080 |a 373.2  |2 MRF 
080 |a 373.24  |2 MRF 
080 |a 316.356.2-055.52  |2 MRF 
080 |a 316.4.063.34  |2 MRF 
080 |a 37.018.26  |2 MRF 
080 |a (043.3)378.245  |2 MRF 
100 1 |a Lorencová, Soňa  |4 dis 
245 1 0 |a Materská škola ako vzdelávacia inštitúcia z pohľadu rodičov =  |b Kindergarten as an educational institution from the perspective of parents = dizertačná práca  |c Soňa Lorencová 
246 3 1 |a Kindergarten as an educational institution from the perspective of parents 
264 0 |c 2025 
300 |a 157 stran :  |b barevné ilustrace ;  |c 31 cm 
336 |a text  |b txt  |2 rdacontent 
337 |a bez média  |b n  |2 rdamedia 
338 |a svazek  |b nc  |2 rdacarrier 
500 |a Chybný rok vydání na titulním listě, správný je 2026 
500 |a Studijní program: P0111D190009 Pedagogika 
500 |a Školitel: Jana Majerčíková 
502 |a Disertační práce (Ph.D.)--Univerzita Tomáše Bati ve Zlíně, Fakulta humanitních studií, 2026 
504 |a Obsahuje bibliografii a bibliografické odkazy 
546 |a Text slovensky, resumé slovensky a anglicky 
650 0 7 |a předškolní výchova  |7 ph124887  |2 czenas 
650 0 7 |a mateřské školy  |7 ph122683  |2 czenas 
650 0 7 |a rodiče  |7 ph125185  |2 czenas 
650 0 7 |a spolupráce  |7 ph705694  |2 czenas 
650 0 7 |a rodina a škola  |7 ph125181  |2 czenas 
650 0 9 |a preschool education  |2 eczenas 
650 0 9 |a kindergartens  |2 eczenas 
650 0 9 |a parents  |2 eczenas 
650 0 9 |a cooperation  |2 eczenas 
650 0 9 |a home and school  |2 eczenas 
655 7 |a doktorské disertace  |2 czenas 
655 9 |a higher doctoral dissertations  |2 eczenas 
700 1 |a Majerčíková, Jana  |7 mzk2003208544  |4 ths 
710 2 |a Univerzita Tomáše Bati ve Zlíně.  |b Fakulta humanitních studií  |7 olak2007365967  |4 dgg 
856 4 1 |u https://digilib.k.utb.cz/handle/10563/59086 
910 |a ZLD002 
942 |2 udc 
952 |0 0  |1 0  |4 0  |6 KLORENCOVÁS  |7 -1  |8 MANUS  |9 191389  |a UTBZL  |b UTBZL  |c 001  |d 2026-06-01  |l 0  |o K/LORENCOVÁ,S.  |p 420010201690  |r 2026-06-01 10:11:42  |w 2026-06-01  |x N: povinný výtisk  |y 12 
952 |0 0  |1 0  |4 0  |6 KLORENCOVÁS  |7 1  |8 MANUS  |9 191390  |a UTBZL  |b UTBZL  |c 001  |d 2026-06-01  |l 0  |o K/LORENCOVÁ,S.  |p 420010201691  |r 2026-06-01 10:12:20  |w 2026-06-01  |x N: povinný výtisk  |y 10 
992 |a BK  |c vs 
993 |x NEPOSILAT  |y VSKP 
999 |c 115745  |d 115745